LEADER 02054nam2-2200577---450 001 990001399440203316 005 20180308150858.0 010 $a88-394-0541-0 035 $a000139944 035 $aUSA01000139944 035 $a(ALEPH)000139944USA01 035 $a000139944 100 $a20040206h1997----km-y0itay50------ba 101 1 $aita$cger 102 $aIT 105 $ay|||z|||001yy 200 1 $a<<2>> : Grammatica del greco del Nuovo Testamento$fFriedrich Blass, Albert Debrunner$gnuova edizione di Friedrich Rehkopf$gedizione italiana a cura di Giordana Pisi$g[traduzione italiana di Umberto Mattioli e Giordana Pisi] 210 $aBrescia$cPaideia$dcopyr. 1997 215 $a709 p.$d23 cm 454 $12001$aGrammatik des neutestamentlichen Griechisch$916116 461 1$10010003385$12001$aIntroduzione allo studio della Bibbia. Supplementi 606 0 $aLingua greca biblica$xGrammatica 676 $a487.4 700 1$aBLASS,$bFriedrich$0229990 701 1$aDEBRUNNER,$bAlbert$0390681 702 1$aREHKOPF,$bFriedrich 702 1$aPISI,$bGiordana 702 1$aMATTIOLI,$bUmberto 801 0$aIT$bsalbc$gISBD 912 $a990001399440203316 951 $aII.2. 2409/2(XIV 996/2)$b144064 L.M.$cII.2.$d00081656 951 $aII.2. 2409/2a(XIV 996/2 BIS)$b144065 L.M.$cII.2.$d00081657 951 $aS II c 11$b288 DLM 951 $aFF 225.48 BLA$b6941 FIL 959 $aBK 969 $aUMA 969 $aDILAM 969 $aFIL 979 $aSIAV5$b10$c20040206$lUSA01$h1242 979 $aPATRY$b90$c20040406$lUSA01$h1738 979 $aSIAVER$b90$c20040504$lUSA01$h1641 979 $aANNAMARIA$b90$c20071113$lUSA01$h1701 979 $aANNAMARIA$b90$c20071113$lUSA01$h1704 979 $aANNAMARIA$b90$c20071114$lUSA01$h0938 979 $aANNAMARIA$b90$c20071116$lUSA01$h0910 979 $c20121027$lUSA01$h1548 979 $c20121027$lUSA01$h1606 979 $c20121027$lUSA01$h1610 996 $aGrammatik des neutestamentlichen Griechisch$916116 997 $aUNISA DEB $aSA0014754 LEADER 00815nam a2200241 i 4500 001 991004378030607536 005 20250430153513.0 008 950523s1994 it a er 001 0 ita d 040 $aBibl. Dip.le Aggr. Studi Umanistici - Sez. Filosofia$bita$cSocioculturale Scs 041 0 $aita 082 04$a919.6$223. 100 1 $aPratt, Hugo$0315612 245 10$aAvevo un appuntamento /$cHugo Pratt ; con un racconto di Antonio Tabucchi ; prefazione di Omar Calabrese 260 $aRoma :$bSocrates,$c1994 300 $a401 p. :$bin gran parte ill. ;$c25 cm 490 1 $aGalleria delle arti 651 4$aOceania$vDescrizioni 700 1 $aTabucchi, Antonio 700 1 $aCalabrese, Omar 830 0$aGalleria delle arti 912 $a991004378030607536 996 $aAvevo un appuntamento$94373848 997 $aUNISALENTO